quiz sobre os estados brasileiros - Statistics

Estatísticas Gerais
  • Esse quiz foi jogado 116 vezes
  • A pontuação média é 8 de 15
Estatísticas das Respostas
Questão Resposta % Correto
Estado com a maior porcentagem de população negra. Bahia
100%
Estado com o maior numero de municipios. Minas Gerais
91%
Estado brasileiro com maior numero da população índigena. Amazonas
82%
Estado onde fica o Jalapão. Tocantins
73%
Estado com o maior numero de comunidades quilombolas. Bahia
64%
Estado brasileiro com maior numero de presidentes nascidos. Minas Gerais
64%
Estado onde fica a ilha de marajó. Pará
64%
Estado com o maior proporção de pessoas abaixo da linha de pobreza. Maranhão
55%
Estado onde fica a segunda maior usina hidrelétrica do mundo(Itaipú). Paraná
55%
Estado que mais produz sal marinho. Rio Grande do Norte
55%
Estado com o maior IDH do Brasil. Santa Catarina
55%
Estado com o maior numero de cavernas. Minas Gerais
45%
Estado o menor numero de municípios. Roraima
36%
Estado com a maior carga tributária. Mato Grosso
9%
Estado do Brasil com o melhor índice de desenvolvimento da educação básica. São Paulo
0%
Nenhum quiz correspondente encontrado
Distribuição das Pontuações
Porcentagem de Pessoas com Cada Pontuação
Percentil de Números Respondidos
Sua Pontuação Histórica
Você não jogou esse quiz